000 00661nas a22002057a 4500
005 20260507133147.0
008 260507d2010 porux|pe g||| 00| z0por d
040 _cBR_ViAPE
110 _aA Gazeta
245 _aA Gazeta Caderno Especial:
_bdia internacional do cooperativismo
260 _aVitória
_bA Gazeta
_c2010-
300 _av.
_bil.
362 _ajul. 2010
500 _aDisponibilizada apenas a imagem da capa na versão digital, em virtude de restrições de direitos autorais.
650 _aCooperativismo
_xAgronegócio
_xTransportes
_xCafé
651 _aEspírito Santo
_vPeródicos
710 _aA Gazeta
942 _2ddc
_cPER
_n1
999 _c597
_d597